| 000 | 00640nam a2200217Ii 4500 | ||
|---|---|---|---|
| 001 | 17039 | ||
| 003 | CO-ViMGA | ||
| 008 | 241108s9999||||xx |||||||||||||| ||und|| | ||
| 020 | _a9788437135 | ||
| 040 |
_aCO-ViMGA _bspa _erda _cCO-ViMGA |
||
| 041 | 0 | _aspa | |
| 082 | 0 | 4 | _a591.51 L15q |
| 100 | 1 |
_aMonika Lange _950720 |
|
| 245 | 1 | 0 |
_aQuién ha pasado por aquí? : _blas huellas y los rastros de los animales |
| 264 | 1 | _aAustralia : Juventud, 2009 | |
| 300 | _avolumen | ||
| 336 |
_atext _btxt _2rdacontent |
||
| 337 |
_aunmediated _bn _2rdamedia |
||
| 338 |
_avolume _bnc _2rdacarrier |
||
| 940 | _aidficha_siabuc: 16705. -- ficha_no_siabuc:17039 | ||
| 999 |
_c45405 _d45405 |
||